00000000cas 2200000zi 4500
0019.939471
003CaOODSP
00520260317092655
006m     o  d f      
007cr |||||||||||
008240618c20129999oncar p o    f0###a0eng|d
022 |a2817-982X
040 |aCaOODSP|beng|erda|cCaOODSP
043 |an-cn---
0861 |aDG2-16E-PDF
1101 |aCanada. |bMilitary Grievances External Review Committee, |eauthor, |eissuing body.
222 0|aFuture-oriented statement of operations |b(Canada. Military Grievances External Review Committee)
24510|aFuture-oriented statement of operations.
264 1|a[Ottawa] : |bMilitary Grievances External Review Committee, |c[2012]-
310 |aAnnual
336 |atext|btxt|2rdacontent
337 |acomputer|bc|2rdamedia
338 |aonline resource|bcr|2rdacarrier
3621 |aBegan with: 2011/2012.
500 |aIssued also in French under title: État des résultats prospectif.
588 |aDescription based on: 2024/2025.
588 |aLatest issue consulted: 2025/2026.
61010|aCanada. |bMilitary Grievances External Review Committee|vPeriodicals.
650 0|aFinance, Public|zCanada|xForecasting|vPeriodicals.
655 7|aPeriodicals|2lcgft
77508|tÉtat des résultats prospectif.|w(CaOODSP)9.939472